Walking on the Pages of the Word of God : Self, Land, and Text Among Evangelical Volunteers in Jerusalem (Record no. 91144)
[ view plain ]
| 000 -LEADER | |
|---|---|
| fixed length control field | 01377nam a2200229Ia 4500 |
| 000 - LEADER | |
| fixed length control field | 01651naaa 00253uu |
| 001 - CONTROL NUMBER | |
| control field | https://directory.doabooks.org/handle/20.500.12854/31753 |
| 005 - DATE AND TIME OF LATEST TRANSACTION | |
| control field | 20260218110107.0 |
| 008 - FIXED-LENGTH DATA ELEMENTS--GENERAL INFORMATION | |
| fixed length control field | 211013s9999 xx 000 0 und d |
| 024 ## - OTHER STANDARD IDENTIFIER | |
| Standard number or code | 10.1163/9789004411890 |
| 042 ## - AUTHENTICATION CODE | |
| Authentication code | dc |
| 245 #0 - TITLE STATEMENT | |
| Title | Walking on the Pages of the Word of God : Self, Land, and Text Among Evangelical Volunteers in Jerusalem |
| 260 ## - PUBLICATION, DISTRIBUTION, ETC. | |
| Name of publisher, distributor, etc. | Brill |
| Date of publication, distribution, etc. | 2019 |
| 300 ## - PHYSICAL DESCRIPTION | |
| Extent | 1 electronic resource (228 p.) |
| 520 ## - SUMMARY, ETC. | |
| Summary, etc. | In Walking on the Pages of the Word of God Aron Engberg explores the religious language and identities of Zionist evangelical volunteer workers in contemporary Jerusalem, and their stories about the religious self, the land and the biblical text. Readership: All interested in the relationship between evangelical Christianity and Israel, and scholars interested in the relationship between Christianity and Judaism, theology & anthropology, and in religion in the Middle East from theological, historical or social scientific perspectives. |
| 540 ## - TERMS GOVERNING USE AND REPRODUCTION NOTE | |
| Terms governing use and reproduction | Creative Commons |
| 653 ## - INDEX TERM--UNCONTROLLED | |
| Uncontrolled term | Comparative religion |
| 700 1# - ADDED ENTRY--PERSONAL NAME | |
| Personal name | Engberg, Aron |
| 856 ## - ELECTRONIC LOCATION AND ACCESS | |
| Uniform Resource Identifier | <a href="https://docs.google.com/spreadsheets/d/1yKIrdCPDAG_9c22mwoOIO2DOhtj65Wqa/edit?usp=sharing&ouid=106555315294820607512&rtpof=true&sd=true ">https://docs.google.com/spreadsheets/d/1yKIrdCPDAG_9c22mwoOIO2DOhtj65Wqa/edit?usp=sharing&ouid=106555315294820607512&rtpof=true&sd=true </a> |
| Link text | List of Curated E-Books |
| 942 ## - ADDED ENTRY ELEMENTS (KOHA) | |
| Koha item type | E-Book |
No items available.